Normal view MARC view

Entry Corporate Name

Number of records used in: 1

001 - CONTROL NUMBER

  • control field: 47924

003 - CONTROL NUMBER IDENTIFIER

  • control field: dpl

005 - DATE AND TIME OF LATEST TRANSACTION

  • control field: 20120525144213.0

008 - FIXED-LENGTH DATA ELEMENTS

  • fixed length control field: 120525|||a|||||| | ||| d

040 ## - CATALOGING SOURCE

  • Original cataloging agency: dpl
  • Transcribing agency: dpl

110 ## - HEADING--CORPORATE NAME

  • Corporate name or jurisdiction name as entry element: monica singhania

670 ## - SOURCE DATA FOUND

  • Source citation: Work cat.: (dpl): Singhania,Vinod K. 47923, Student guide to Income Tax 2012-2013 /, 2012

670 ## - SOURCE DATA FOUND

  • Source citation: Work cat.: (dpl): Singhania,Vinod K. 47923, Student guide to Income Tax 2012-2013 /, 2012

© Delhi Public Library
Hit Counter
free hit counter